Invincible: Viltrumites by Picture - Statistics

General Stats
  • This quiz has been taken 1,114 times
    48 since last reset
  • The average score is 10 of 15
Answer Stats
Picture Answer % Correct
Invincible
100%
Kid Omni-Man
100%
Omni-Man
100%
Thragg
100%
Conquest
89%
Anissa
86%
Kregg
78%
Lucan
75%
Thaedus
72%
Argall
67%
Thula
64%
Vidor
33%
Kradd
31%
Elix
17%
Torth
8%
No matching quizzes found
Score Distribution
Percent of People with Each Score
Percentile by Number Answered
Your Score History
You have not taken this quiz since the last reset